Statistics for Doctor Who: The Master actors

Click here to take the quiz!

General Stats

  • This quiz has been taken 7 times
  • The average score is 8 of 9

Answer Stats

HintAnswer% Correct
2007 - 2010, 2017John Simm
100%
2014 - 2017Michelle Gomez
100%
1971 - 1973Roger Delgado
100%
1981 - 1989Anthony Ainley
80%
2007Derek Jacobi
80%
1996Eric Roberts
80%
1981Geoffrey Beevers
80%
2020 - 2022Sacha Dhawan
80%
1976Peter Pratt
60%

Score Distribution

Percentile by Number Answered

Percent of People with Each Score

Your Score History

You have not taken this quiz